|
|
|
|
| LEADER |
01913nam a2200373 a 4500 |
| 001 |
5991 |
| 003 |
BD-DhAAL |
| 008 |
100208s1996 bg bs 100 0 eng d |
| 010 |
|
|
|a 98905182
|
| 040 |
|
|
|a DLC
|c DLC
|d BD-DhAAL
|
| 082 |
|
|
|a 332.31095492
|2 2
|
| 245 |
0 |
0 |
|a Credit programs for the poor :
|b household and intrahousehold impacts and program sustainability : proceedings of the workshop, March 19-21, 1995, Dhaka, Bangladesh /
|c edited by Shahidur R. Khandker, M.A. Baqui Khalily, Zahed H. Khan.
|
| 264 |
|
|
|a Dhaka :
|b Bangladesh Institute of Development Studies and the World Bank,
|c 1996.
|
| 300 |
|
|
|a 446 pages ;
|c 24 cm.
|
| 362 |
0 |
|
|a Vol. 1
|
| 500 |
|
|
|a Vol. 1 edited byShahidur R. Khandker, M.A. Baqui Khalily, Zahed H. Khan.
|
| 500 |
|
|
|a Incluees statistical tables.
|
| 504 |
|
|
|a Includes bibliographical references.
|
| 541 |
|
|
|e 5991
|
| 610 |
2 |
0 |
|a Grameen Bank.
|
| 650 |
|
0 |
|a Rural credit
|z Bangladesh
|v Congresses.
|9 38263
|
| 650 |
|
0 |
|a Rural poor
|z Bangladesh
|v Congresses.
|9 56653
|
| 650 |
|
0 |
|a Bank loans
|z Bangladesh
|v Congresses.
|9 56654
|
| 700 |
1 |
|
|a Khandker, Shahidur R.
|9 35631
|
| 700 |
1 |
|
|a Khalily, M. A. Baqui.
|9 54076
|
| 700 |
1 |
|
|a Khan, Zahed.
|9 56655
|
| 710 |
2 |
|
|a Bangladesh Institute of Development Studies.
|
| 711 |
2 |
|
|a Workshop on Credit Programs for the Poor
|d (1995 :
|c Dhaka, Bangladesh)
|9 56656
|
| 852 |
4 |
|
|a Ayesha Abed Library
|c General Stacks
|
| 942 |
|
|
|2 ddc
|c BK
|
| 999 |
|
|
|c 7371
|d 7371
|
| 952 |
|
|
|0 0
|1 0
|2 ddc
|4 0
|6 332_310954920000000_CRE_1996
|7 0
|9 7871
|a BRACUL
|b BRACUL
|c GEN
|d 2010-02-08
|l 0
|o 332.31095492 CRE
|p 3010005991
|r 2010-02-08
|t 1
|w 2010-02-08
|y BK
|
| 952 |
|
|
|0 0
|1 0
|2 ddc
|4 0
|6 332_310954920000000_CRE_1996
|7 1
|9 7872
|a BRACUL
|b BRACUL
|c BRS
|d 2010-02-08
|l 0
|o 332.31095492 CRE
|p 3010005993
|r 2010-02-08
|t 2
|w 2010-02-08
|y BK
|
| 952 |
|
|
|0 0
|1 0
|2 ddc
|4 0
|6 332_310954920000000_CRE_1996
|7 0
|9 7873
|a BRACUL
|b BRACUL
|c GEN
|d 2010-02-08
|l 0
|o 332.31095492 CRE
|p 3010005992
|r 2010-02-08
|t 3
|w 2010-02-08
|y BK
|